| 000 | 00732nam a2200229 i 4500 | ||
|---|---|---|---|
| 001 | 110973 | ||
| 003 | ES-MaACL | ||
| 005 | 20230906185221.0 | ||
| 007 | t| | ||
| 008 | 061121s1932 fr r ||||1| fre d | ||
| 100 | 1 |
_aOgg, David. _986569 |
|
| 245 | 1 | 2 |
_aLEurope du XVII siecle / _cDavid Ogg ; préface Henry de Jouvenel ; [traduit de la deuxième édition anglaise par L. Rambert]. |
| 260 |
_aParís : _bPayot, _c1932. |
||
| 300 |
_a612 p. ; _c20 cm. |
||
| 490 | 1 | _aBibliothèque historique | |
| 651 | 4 |
_aEuropa- _xHistoria- _yS.XVII. _9164164 |
|
| 700 | 1 |
_aJouvenel, Henry de. _967042 |
|
| 700 | 0 |
_aRambert, Louis. _995073 |
|
| 830 | 0 |
_aBibliothèque historique _9180899 |
|
| 852 |
_aES-MaACL _jA-1375 |
||
| 999 |
_c110973 _d110973 |
||